African Nations Where Same-Sex Relationships are Legal - Statistics

General Stats
  • This quiz has been taken 25 times
  • The average score is 16 of 22
Answer Stats
Year Decriminalized Answer % Correct
1998 South Africa
100%
2012 Lesotho
83%
Never Criminalized Madagascar
83%
2024 Namibia
83%
2019 Botswana
78%
2004 Cape Verde
78%
2023 Mauritius
78%
Never Criminalized Niger
78%
2021 Angola
74%
2015 Mozambique
74%
Never Criminalized Rwanda
74%
2012 São Tomé and Príncipe
74%
2016 Seychelles
74%
Never Criminalized Benin
70%
Never Criminalized Central African Republic
70%
Never Criminalized Congo (D.R.)
70%
Never Criminalized Congo (Rep. of)
70%
2020 Gabon
70%
Never Criminalized Equatorial Guinea
65%
1993 Guinea-Bissau
65%
Never Criminalized Djibouti
61%
Never Criminalized Côte d'Ivoire (Ivory Coast)
57%
No matching quizzes found
Score Distribution
Percent of People with Each Score
Percentile by Number Answered
Your Score History
You have not taken this quiz